Famous Players Part 2 - Statistics

General Stats
  • This quiz has been taken 10 times
  • The average score is 223 of 500
Answer Stats
Hint Answer % Correct
Italy Alessandro Alessandro Del Piero/Del Piero
100%
Italy Andrea Andrea Pirlo/Pirlo
100%
Germany Antonio Antonio Rudiger/Rudiger
100%
Netherlands Arjen Arjen Robben/Robben
100%
France Arsene Arsene Wenger/Wenger
100%
Germany Bastian Bastian Schweinsteiger/Schweinsteiger
100%
Germany Benedikt Benedikt Howedes/Howedes
100%
France Benjamin Benjamin Pavard/Pavard
100%
Germany Bernd Bernd Schneider/Schneider
100%
France Blaise Blaise Matuidi/Matuidi
100%
Italy Cesare Cesare Maldini/Maldini
100%
Italy Ciro Ciro Immobile/Immobile
100%
Netherlands Clarence Clarence Seedorf/Seedorf
100%
France Claude Claude Makelele/Makelele
100%
France Corentin Corentin Tolisso/Tolisso
100%
Netherlands Daley Daley Blind/Blind
100%
Italy Daniele Daniele De Rossi/De Rossi
100%
Netherlands Danny Danny Blind/Blind
100%
France David David Trezeguet/Trezeguet
100%
France Didier Didier Deschamps/Deschamps
100%
France Djibril Djibril Cisse/Cisse
100%
Netherlands Edwin Edwin Van Der Sar/Van Der Sar
100%
Netherlands Eljero Eljero Elia/Elia
100%
Germany Emre Emre Can/Can
100%
Norway Erling Erling Haaland/Haaland
100%
France Fabien Fabien Barthez/Barthez
100%
Hungary Ferenc Ferenc Puskas/Puskas
100%
Italy Filippo Filippo Inzaghi/Inzaghi
100%
France Franck Franck Ribery/Ribery
100%
Italy Franco Franco Baresi/Baresi
100%
Netherlands Frank Frank Rijkaard/Rijkaard
100%
Germany Franz Franz Beckenbauer/Beckenbauer
100%
Netherlands Frenkie Frenkie De Jong/De Jong
100%
Liberia George George Weah/Weah
100%
Germany Gerd Gerd Muller/Muller
100%
Italy Gianfranco Gianfranco Zola/Zola
100%
Netherlands Giovanni Giovanni Van Bronckhorst/Van Bronckhorst
100%
France Hugo Hugo Lloris/Lloris
100%
Germany Ilkay Ilkay Gundogan/Gundogan
100%
Netherlands Jaap Jaap Stam/Stam
100%
Germany Jens Jens Lehmann/Lehmann
100%
Germany Jerome Jerome Boateng/Boateng
100%
Germany Jonathan Jonathan Tah/Tah
100%
Germany Jupp Jupp Heynckes/Heynckes
100%
Germany Kai Kai Havertz/Havertz
100%
Germany Karl-Heinz Karl-Heinz Rummenigge/Rummenigge
100%
Ghana Kevin Kevin Prince Boateng/Boateng/Prince
100%
Netherlands Klaas Jan Klaas Jan Huntelaar/Huntelaar
100%
France Kylian Kylian Mbappe/Mbappe
100%
France Laurent Laurent Blanc/Blanc
100%
Germany Leroy Leroy Sane/Sane
100%
France Lilian Lilian Thuram/Thuram
100%
Germany Lothar Lothar Matthaus/Matthaus
100%
France Lucas Lucas Hernandez/Hernandez
100%
Germany Lukas Lukas Podolski/Podolski
100%
Netherlands Luuk Luuk De Jong/De Jong
100%
Germany Manuel Manuel Neuer/Neuer
100%
Germany Marc-Andre Marc-Andre Ter Stegen/Ter Stegen/Stegen
100%
Germany Marco Marco Reus/Reus
100%
Netherlands Marco Marco Van Basten/Van Basten
100%
Germany Mario Mario Gotze/Gotze
100%
Norway Martin Martin Odegaard/Odegaard
100%
Netherlands Matthijs Matthijs De Ligt/De Ligt
100%
Netherlands Memphis Memphis Depay/Depay
100%
Germany Mesut Mesut Ozil/Ozil
100%
Germany Michael Michael Ballack/Ballack
100%
France Michel Michel Platini/Platini
100%
Germany Miroslav Miroslav Klose/Klose
100%
France N'Golo N'Golo Kante/Kante
100%
Netherlands Nigel Nigel De Jong/De Jong
100%
Germany Oliver Oliver Kahn/Kahn
100%
France Olivier Olivier Giroud/Giroud
100%
France Ousmane Ousmane Dembele/Dembele
100%
Italy Paolo Paolo Maldini/Maldini
100%
France Patrice Patrice Evra/Evra
100%
France Patrick Patrick Vieira/Vieira
100%
France Paul Paul Pogba/Pogba
100%
France Raphael Raphael Varane/Varane
100%
Italy Roberto Roberto Baggio/Baggio
100%
Germany Robin Robin Gosens/Gosens
100%
Netherlands Robin Robin Van Persie/Van Persie
100%
Netherlands Ronald Ronald Koeman/Koeman
100%
Netherlands Ruud Ruud Gullit/Gullit
100%
Netherlands Ruud Ruud Van Nistelrooy/Van Nistelrooy
100%
Germany Sami Sami Khedira/Khedira
100%
Germany Serge Serge Gnabry/Gnabry
100%
Germany Shkodran Shkodran Mustafi/Mustafi
100%
Netherlands Siem Siem De Jong/De Jong
100%
Italy Simone Simone Inzaghi/Inzaghi
100%
France Thierry Thierry Henry/Henry
100%
Germany Thomas Thomas Muller/Muller
100%
Germany Timo Timo Werner/Werner
100%
Germany Torsten Torsten Frings/Frings
100%
Netherlands Virgil Virgil Van Dijk/Van Dijk
100%
Netherlands Wesley Wesley Sneijder/Sneijder
100%
France Willy Willy Sagnol/Sagnol
100%
France Zinedine Zinedine Zidane/Zidane
100%
Ghana Abedi Abedi Ayew/Ayew
67%
Ghana Abedi Abedi Pele/Pele
67%
Morocco Achraf Achraf Hakimi/Hakimi
67%
Hungary Adam Adam Szalai/Szalai
67%
Italy Alberto Alberto Gilardino/Gilardino
67%
Italy Alessandro Alessandro Nesta/Nesta
67%
Ghana Andre Andre Ayew/Ayew
67%
Italy Antonio Antonio Cassano/Cassano
67%
Ghana Asamoah Asamoah Gyan/Gyan
67%
France Bacary Bacary Sagna/Sagna
67%
France Bafetimbi Bafetimbi Gomis/Gomis
67%
Netherlands Bas Bas Dost/Dost
67%
Germany Bernd Bernd Schuster/Schuster
67%
France Bixente Bixente Lizarazu/Lizarazu
67%
Italy Christian Christian Vieri/Vieri
67%
Germany Christoph Christoph Metzelder/Metzelder
67%
France Clement Clement Lenglet/Lenglet
67%
Netherlands Dennis Dennis Bergkamp/Bergkamp
67%
Italy Dino Dino Zoff/Zoff
67%
Netherlands Dirk Dirk Kuyt/Kuyt
67%
Netherlands Donny Donny Van De Beek/Van De Beek
67%
Netherlands Edgar Edgar Davids/Davids
67%
Italy Enrico Enrico Chiesa/Chiesa
67%
France Eric Eric Cantona/Cantona
67%
Italy Fabio Fabio Cannavaro/Cannavaro
67%
Italy Federico Federico Chiesa/Chiesa
67%
Italy Francesco Francesco Totti/Totti
67%
Netherlands Frank Frank De Boer/De Boer
67%
Italy Gennaro Gennaro Gattuso/Gattuso
67%
France Geoffrey Geoffrey Kondogbia/Kondogbia
67%
Northern Ireland George George Best/Best
67%
Netherlands Georginio Georginio Wijnaldum/Wijnaldum
67%
Italy Gianluigi Gianluigi Buffon/Buffon
67%
Italy Gianni Gianni Rivera/Rivera
67%
Italy Giorgio Giorgio Chiellini/Chiellini
67%
Italy Giuseppe Giuseppe Rossi/Rossi
67%
Italy Graziano Graziano Pelle/Pelle
67%
Netherlands Gregory Gregory Van Der Wiel/Van Der Wiel
67%
Germany Hans-Jorg Hans-Jorg Butt/Butt
67%
France Hatem Hatem Ben Arfa/Ben Arfa/Arfa
67%
Mexico Hector Hector Herrera/Herrera
67%
Netherlands Hedwiges Hedwiges Maduro/Maduro
67%
Mexico Hirving Hirving Lozano/Lozano
67%
France Houssem Houssem Aouar/Aouar
67%
Mexico Hugo Hugo Sanchez/Sanchez
67%
Netherlands Ibrahim Ibrahim Afellay/Afellay
67%
Netherlands Jasper Jasper Cillessen/Cillessen
67%
Mexico Javier Javier Hernandez/Hernandez/Chicharito
67%
Nigeria Jay-Jay Jay-Jay Okocha/Okocha
67%
France Jean-Alain Jean-Alain Boumsong/Boumsong
67%
Netherlands Jeremain Jeremain Lens/Lens
67%
France Jeremy Jeremy Toulalan/Toulalan
67%
Nigeria Joel Joel Obi/Obi
67%
Ghana Jordan Jordan Ayew/Ayew
67%
Netherlands Joris Joris Mathijsen/Mathijsen
67%
Italy Jose Jose Altafini/Altafini
67%
Germany Julian Julian Brandt/Brandt
67%
Germany Julian Julian Draxler/Draxler
67%
Germany Jurgen Jurgen Klinsmann/Klinsmann
67%
Germany Jurgen Jurgen Klopp/Klopp
67%
France Karim Karim Benzema/Benzema
67%
Japan Keisuke Keisuke Honda/Honda
67%
France Kingsley Kingsley Coman/Coman
67%
Ghana Kwadwo Kwadwo Asamoah/Asamoah
67%
Germany Lars Lars Bender/Bender
67%
Germany Lewis Lewis Holtby/Holtby
67%
Italy Lorenzo Lorenzo Insigne/Insigne
67%
Italy Luca Luca Toni/Toni
67%
France Ludovic Ludovic Giuly/Giuly
67%
Netherlands Maarten Maarten Stekelenburg/Stekelenburg
67%
Germany Mahmoud Mahmoud Dahoud/Dahoud
67%
France Marcel Marcel Desailly/Desailly
67%
Netherlands Marc Marc Overmars/Overmars
67%
Germany Mario Mario Gomez/Gomez
67%
Netherlands Mark Mark Van Bommel/Van Bommel
67%
Germany Mats Mats Hummels/Hummels
67%
Japan Maya Maya Yoshida/Yoshida
67%
Nigeria Mikel John Mikel John Obi/Obi/Mikel
67%
Guinea Naby Naby Keita/Keita
67%
France Nicolas Nicolas Anelka/Anelka
67%
Germany Niklas Niklas Sule/Sule
67%
Italy Paolo Paolo Cannavaro/Cannavaro
67%
Italy Paolo Paolo Rossi/Rossi
67%
Netherlands Patrick Patrick Kluivert/Kluivert
67%
Germany Per Per Mertesacker/Mertesacker
67%
Germany Philipp Philipp Lahm/Lahm
67%
Netherlands Phillip Phillip Cocu/Cocu
67%
France Pierre-Emerick Pierre-Emerick Aubameyang/Aubameyang
67%
Germany Piotr Piotr Trochowski/Trochowski
67%
France Presnel Presnel Kimpembe/Kimpembe
67%
Netherlands Quincy Quincy Promes/Promes
67%
Netherlands Rafael Rafael Van Der Vaart/Van Der Vaart
67%
Italy Roberto Roberto Mancini/Mancini
67%
France Robert Robert Pires/Pires
67%
Germany Roman Roman Weidenfeller/Weidenfeller
67%
Netherlands Ronald Ronald De Boer/De Boer
67%
Netherlands Roy Roy Makaay/Makaay
67%
Netherlands Royston Royston Drenthe/Drenthe
67%
Germany Rudi Rudi Voller/Voller
67%
France Samir Samir Nasri/Nasri
67%
Germany Sebastian Sebastian Kehl/Kehl
67%
Germany Sepp Sepp Maier/Maier
67%
Mali Seydou Seydou Keita/Keita
67%
Maya Yoshida Shinji Kagawa/Kagawa
67%
Greece Sokratis Sokratis Papastathopoulos/Papastathopoulos/Sokratis
67%
Netherlands Stefan Stefan De Vrij/De Vrij
67%
France Steve Steve Mandanda/Mandanda
67%
Germany Sven Sven Bender/Bender
67%
Greece Theofanis Theofanis Gekas/Gekas
67%
Ghana Thomas Thomas Partey/Partey
67%
Netherlands Urby Urby Emanuelson/Emanuelson
67%
Germany Uwe Uwe Seeler/Seeler
67%
Netherlands Vurnon Vurnon Anita/Anita
67%
France Wissam Wissam Ben Yedder/Ben Yedder/Yedder
67%
France Youri Youri Djorkaeff/Djorkaeff
67%
Morocco Adel Adel Taarabt/Taarabt
33%
Italy Alberto Alberto Aquilani/Aquilani
33%
Italy Aleandro Aleandro Rosi/Rosi
33%
Italy Alessio Alessio Romagnoli/Romagnoli
33%
Nigeria Alex Alex Iwobi/Iwobi
33%
Iran Ali Ali Daei/Daei
33%
Italy Andrea Andrea Dossena/Dossena
33%
Italy Andrea Andrea Ranocchia/Ranocchia
33%
Italy Antonio Antonio Candreva/Candreva
33%
Italy Antonio Antonio Conte/Conte
33%
Italy Antonio Antonio Di Natale/Di Natale
33%
France Benjamin Benjamin Mendy/Mendy
33%
Germany Bernd Bernd Leno/Leno
33%
Netherlands Boudewijn Boudewijn Zenden/Zenden
33%
Italy Carlo Carlo Ancelotti/Ancelotti
33%
Mexico Carlos Carlos Salcido/Salcido
33%
Italy Christian Christian Abbiati/Abbiati
33%
Italy Christian Christian Maggio/Maggio
33%
Mexico Cuauhtemoc Cuauhtemoc Blanco/Blanco
33%
Italy Davide Davide Astori/Astori
33%
Italy Davide Davide Santon/Santon
33%
France Dayot Dayot Upamecano/Upamecano
33%
Germany Dietmar Dietmar Hamann/Hamann
33%
Italy E Eder
33%
France Eliaquim Eliaquim Mangala/Mangala
33%
Italy Emanuele Emanuele Giaccherini/Giaccherini
33%
Italy E Emerson/Dos Santos
33%
France Emmanuel Emmanuel Petit/Petit
33%
France Eric Eric Abidal/Abidal
33%
Italy Fabio Fabio Capello/Capello
33%
Italy Fabio Fabio Grosso/Grosso
33%
Italy Fabio Fabio Quagliarella/Quagliarella
33%
Italy Fabrizio Fabrizio Miccoli/Miccoli
33%
Italy Federico Federico Balzaretti/Balzaretti
33%
Italy Federico Federico Bernardeschi/Bernardeschi
33%
France Ferland Ferland Mendy/Mendy
33%
France Florent Florent Malouda/Malouda
33%
France Gael Gael Clichy/Clichy
33%
Italy Gianluca Gianluca Zambrotta/Zambrotta
33%
Greece Giorgos Giorgos Karagounis/Karagounis
33%
Mexico Giovani Giovani dos Santos/Dos Santos
33%
Italy Giuseppe Giuseppe Meazza/Meazza
33%
Germany Gonzalo Gonzalo Castro/Castro
33%
North Macedonia Goran Goran Pandev/Pandev
33%
France Gregory Gregory Coupet/Coupet
33%
France Guillaume Guillaume Hoarau/Hoarau
33%
Iceland Gylfi Gylfi Sigurdsson/Sigurdsson
33%
Germany Holger Holger Badstuber/Badstuber
33%
Morocco Houssine Houssine Kharja/Kharja
33%
Italy Ignazio Ignazio Abate/Abate
33%
France Jean-Pierre Jean-Pierre Papin/Papin
33%
France Jeremy Jeremy Menez/Menez
33%
France Jimmy Jimmy Briand/Briand
33%
Netherlands Jimmy Jimmy Hasselbaink/Hasselbaink
33%
Germany Joachim Joachim Low/Low
33%
Netherlands Johan Johan Cruyff/Cruyff
33%
Netherlands John John Heitinga/Heitinga
33%
Mexico Jonathan Jonathan dos Santos/Dos Santos
33%
Northern Ireland Jonny Jonny Evans/Evans
33%
Germany Joshua Joshua Kimmich/Kimmich
33%
Germany Karim Karim Bellarabi/Bellarabi
33%
Nigeria Kelechi Kelechi Iheanacho/Iheanacho
33%
France Kevin Kevin Gameiro/Gameiro
33%
Netherlands Kevin Kevin Strootman/Strootman
33%
Greece Kyriakos Kyriakos Papadopoulos/Papadopoulos
33%
France Lassana Lassana Diarra/Diarra
33%
France Layvin Layvin Kurzawa/Kurzawa
33%
Italy Leonardo Leonardo Bonucci/Bonucci
33%
Italy Leonardo Leonardo Spinazzola/Spinazzola
33%
Germany Leon Leon Goretzka/Goretzka
33%
France Loic Loic Remy/Remy
33%
Netherlands Louis Louis Van Gaal/Van Gaal
33%
Paraguay Lucas Lucas Barrios/Barrios
33%
France Lucas Lucas Digne/Digne
33%
Italy Luigi Luigi Riva/Riva
33%
Mali Mahamadou Mahamadou Diarra/Diarra
33%
Japan Makoto Makoto Hasebe/Hasebe
33%
France Mamadou Mamadou Sakho/Sakho
33%
Italy Manuel Manuel Locatelli/Locatelli
33%
Italy Marco Marco Borriello/Borriello
33%
Italy Marco Marco Materazzi/Materazzi
33%
Italy Mario Mario Balotelli/Balotelli
33%
Germany Marko Marko Marin/Marin
33%
Italy Massimiliano Massimiliano Allegri/Allegri
33%
Italy Massimo Massimo Ambrosini/Ambrosini
33%
Italy Massimo Massimo Oddo/Oddo
33%
France Mathieu Mathieu Flamini/Flamini
33%
France Matteo Matteo Guendouzi/Guendouzi
33%
Italy Matteo Matteo Pessina/Pessina
33%
Germany Matthias Matthias Sammer/Sammer
33%
Italy Mattia Mattia De Sciglio/De Sciglio
33%
Germany Mehmet Mehmet Scholl/Scholl
33%
Netherlands Michael Michael Reiziger/Reiziger
33%
France Mickael Mickael Landreau/Landreau
33%
Montenegro Mirko Mirko Vucinic/Vucinic
33%
Mali Mohamed Mohamed Sissoko/Sissoko
33%
Italy Morgan Morgan De Sanctis/De Sanctis
33%
France Moussa Moussa Sissoko/Sissoko
33%
Morocco Nabil Nabil Dirar/Dirar
33%
France Nabil Nabil Fekir/Fekir
33%
Netherlands Nathan Nathan Ake/Ake
33%
Italy Nicolo Nicolo Barella/Barella
33%
Morocco Nordin Nordin Amrabat/Amrabat
33%
Norway Ole Ole Solskjaer/Solskjaer
33%
Germany Oliver Oliver Bierhoff/Bierhoff
33%
Italy Pablo Pablo Osvaldo/Osvaldo
33%
France Philippe Philippe Mexes/Mexes
33%
Mexico Rafael Rafael Marquez/Marquez
33%
Mexico Raul Raul Jimenez/Jimenez
33%
France Raymond Raymond Domenech/Domenech
33%
France Rio Rio Mavuba/Mavuba
33%
Italy Roberto Roberto Donadoni/Donadoni
33%
Italy Roberto Roberto Gagliardini/Gagliardini
33%
Paraguay Roque Roque Santa Cruz/Santa Cruz/Cruz
33%
France Rudi Rudi Garcia/Garcia
33%
Netherlands Ryan Ryan Babel/Babel
33%
Italy Salvatore Salvatore Schillaci/Schillaci
33%
Italy Salvatore Salvatore Sirigu/Sirigu
33%
France Samuel Samuel Umtiti/Umtiti
33%
Italy Sebastian Sebastian Giovinco/Giovinco
33%
France Sebastien Sebastien Frey/Frey
33%
Japan Shunsuke Shunsuke Nakamura/Nakamura
33%
France Sidney Sidney Govou/Govou
33%
Italy Silvio Silvio Piola/Piola
33%
Italy Simone Simone Perrotta/Perrotta
33%
Italy Stefano Stefano Sensi/Sensi
33%
Italy Stephan Stephan El-Shaarawy/El Shaarawy/Shaarawy
33%
Montenegro Stevan Stevan Jovetic/Jovetic
33%
Ghana Sulley Sulley Muntari/Muntari
33%
France Sylvain Sylvain Wiltord/Wiltord
33%
Japan Takashi Takashi Inui/Inui
33%
Japan Takefusa Takefusa Kubo/Kubo
33%
Japan Takumi Takumi Minamino/Minamino
33%
Italy Thiago Thiago Motta/Motta
33%
France Thomas Thomas Lemar/Lemar
33%
Netherlands Tim Tim Krul/Krul
33%
Italy Tommaso Tommaso Rocchi/Rocchi
33%
Germany Toni Toni Kroos/Kroos
33%
Greece Vasilis Vasilis Torosidis/Torosidis
33%
France Vassiriki Vassiriki Abou Diaby/Abou Diaby/Diaby
33%
Kenya Victor Victor Wanyama/Wanyama
33%
France William William Gallas/Gallas
33%
Morocco Yassine Yassine Bounou/Bounou
33%
France Yoan Yoan Gouffran/Gouffran
33%
France Yoann Yoann Gourcuff/Gourcuff
33%
France Yohan Yohan Cabaye/Cabaye
33%
Morocco Younes Younes Belhanda/Belhanda
33%
Japan Yuto Yuto Nagatomo/Nagatomo
33%
Morocco Zouhair Zouhair Feddal/Feddal
33%
Morocco Abdelaziz Abdelaziz Barrada/Barrada
0%
Nigeria Ahmed Ahmed Musa/Musa
0%
Italy Alessandro Alessandro Costacurta/Costacurta
0%
Italy Alessandro Alessandro Diamanti/Diamanti
0%
Italy Alessandro Alessandro Florenzi/Florenzi
0%
Italy Alessandro Alessandro Matri/Matri
0%
Italy Alessio Alessio Cerci/Cerci
0%
Netherlands Alexander Alexander Buttner/Buttner
0%
Oman Ali Ali Al-Habsi/Al Habsi/Habsi
0%
Iran Ali Ali Karimi/Karimi
0%
Italy A Amauri De Oliveira/Amauri/De Oliveira
0%
Italy Andrea Andrea Barzagli/Barzagli
0%
Italy Andrea Andrea Belotti/Belotti
0%
Italy Andrea Andrea Poli/Poli
0%
Germany Andre Andre Schurrle/Schurrle
0%
Mexico Andres Andres Guardado/Guardado
0%
Italy Angelo Angelo Ogbonna/Ogbonna
0%
Italy Antonio Antonio Nocerino/Nocerino
0%
Hungary Balazs Balazs Dzsudzsak/Dzsudzsak
0%
Mexico Carlos Carlos Vela/Vela
0%
France Christian Christian Karembeu/Karembeu
0%
France Christophe Christophe Jallet/Jallet
0%
Germany Claudemir Claudemir Barreto/Barreto/Cacau
0%
Italy Claudio Claudio Marchisio/Marchisio
0%
Germany Clemens Clemens Fritz/Fritz
0%
France Clement Clement Chantome/Chantome
0%
France Clement Clement Grenier/Grenier
0%
Italy Christian Cristian Zaccardo/Zaccardo
0%
Ghana Daniel Daniel Amartey/Amartey
0%
Italy Daniele Daniele Bonera/Bonera
0%
Italy Danilo Danilo D'Ambrosio/D'Ambrosio
0%
France David David N'Gog/N'Gog
0%
Germany Diego Diego Contento/Contento
0%
France Dimitri Dimitri Payet/Payet
0%
Greece Dimitris Dimitris Salpingidis/Salpingidis
0%
Italy Domenico Domenico Berardi/Berardi
0%
Iceland Eidur Eidur Gudjohnsen/Gudjohnsen
0%
Japan Eiji Eiji Kawashima/Kawashima
0%
Italy Fabio Fabio Borini/Borini
0%
Italy Federico Federico Macheda/Macheda
0%
Italy Federico Federico Marchetti/Marchetti
0%
Italy Francesco Francesco Acerbi/Acerbi
0%
Italy Francesco Francesco Toldo/Toldo
0%
Mali Frederic Frederic Kanoute/Kanoute
0%
France Gabriel Gabriel Obertan/Obertan
0%
Greece Georgios Georgios Samaras/Samaras
0%
Italy Giacomo Giacomo Bonaventura/Bonaventura
0%
Italy Giampaolo Giampaolo Pazzini/Pazzini
0%
Italy Gianluigi Gianluigi Donnarumma/Donnarumma
0%
Mexico Guillermo Guillermo Ochoa/Ochoa
0%
Morocco Hakim Hakim Ziyech/Ziyech
0%
Nigeria Ikechukwu Ikechukwu Uche/Uche
0%
Guinea Ilaix Ilaix Moriba/Moriba
0%
Iran Javad Javad Nekounam/Nekounam
0%
France Jeremy Jeremy Mathieu/Mathieu
0%
Norway John John Carew/Carew
0%
Norway John John Riise/Riise
0%
France Jonathan Jonathan Biabiany/Biabiany
0%
Italy J Jorginho
0%
Paraguay Jose Jose Chilavert/Chilavert
0%
Nigeria Joseph Joseph Yobo/Yobo
0%
France Julien Julien Faubert/Faubert
0%
France Just Just Fontaine/Fontaine
0%
Guinea Kevin Kevin Constant/Constant
0%
Germany Kevin Kevin Trapp/Trapp
0%
Germany Kevin Kevin Volland/Volland
0%
Greece Konstantinos Konstantinos Mitroglou/Mitroglou
0%
France Kurt Kurt Zouma/Zouma
0%
France Laurent Laurent Koscielny/Koscielny
0%
France Louis Louis Saha/Saha
0%
Italy Luca Luca Antonini/Antonini
0%
Germany Marcel Marcel Schmelzer/Schmelzer
0%
Italy Marco Marco Amelia/Amelia
0%
Italy Marco Marco Di Vaio/Di Vaio
0%
Italy Marco Marco Parolo/Parolo
0%
Italy Marco Marco Storari/Storari
0%
Netherlands Marco Marco Van Ginkel/Van Ginkel
0%
Italy Marco Marco Verratti/Verratti
0%
Morocco Marouane Marouane Chamakh/Chamakh
0%
France Mathieu Mathieu Debuchy/Debuchy
0%
France Mathieu Mathieu Valbuena/Valbuena
0%
Italy Matteo Matteo Darmian/Darmian
0%
Italy Matteo Matteo Politano/Politano
0%
Germany Matthias Matthias Ginter/Ginter
0%
Italy Mattia Mattia Destro/Destro
0%
Italy Mattia Mattia Perin/Perin
0%
Italy Mauro Mauro Camoranesi/Camoranesi
0%
Germany Max Max Kruse/Kruse
0%
Morocco Mbark Mbark Boussoufa/Boussoufa
0%
Morocco Mehdi Mehdi Benatia/Benatia
0%
Ghana Michael Michael Essien/Essien
0%
Netherlands Michel Michel Vorm/Vorm
0%
France Mikael Mikael Silvestre/Silvestre
0%
France Morgan Morgan Amalfitano/Amalfitano
0%
France Mouhamadou Mouhamadou Dabo/Dabo
0%
Morocco Mounir Mounir El Hamdaoui/El Hamdaoui/Hamdaoui
0%
Morocco Munir Munir El Haddadi/El Haddadi/Haddadi
0%
Iraq Nashat Nashat Akram/Akram
0%
Paraguay Nelson Nelson Valdez/Valdez
0%
Nigeria Nwankwo Nwankwo Kanu/Kanu
0%
Mexico Omar Omar Bravo/Bravo
0%
Paraguay Oscar Oscar Cardozo/Cardozo
0%
Morocco Oussama Oussama Assaidi/Assaidi
0%
Italy Paolo Paolo De Ceglie/De Ceglie
0%
Nigeria Peter Peter Odemwingie/Odemwingie
0%
France Philippe Philippe Christanval/Christanval
0%
France Raymond Raymond Kopa/Kopa
0%
Italy Riccardo Riccardo Montolivo/Montolivo
0%
Netherlands Ricky Ricky Van Wolfswinkel/Van Wolfswinkel
0%
Italy Roberto Roberto Di Matteo/Di Matteo
0%
Italy Roberto Roberto Soriano/Soriano
0%
Paraguay Salvador Salvador Cabanas/Cabanas
0%
Nigeria Samuel Samuel Chukwueze/Chukwueze
0%
Germany Sebastian Sebastian Rudy/Rudy
0%
France Sebastien Sebastien Squillaci/Squillaci
0%
Japan Shinji Shinji Okazaki/Okazaki
0%
Italy Simone Simone Pepe/Pepe
0%
Italy Simone Simone Zaza/Zaza
0%
Nigeria Sone Sone Aluko/Aluko
0%
Germany Stefan Stefan Kiessling/Kiessling
0%
Italy Stefano Stefano Sturaro/Sturaro
0%
Montenegro Stefan Stefan Savic/Savic
0%
France Stephane Stephane Ruffier/Ruffier
0%
France Steven Steven N'zonzi/N'zonzi
0%
France Sylvain Sylvain Armand/Armand
0%
France Sylvain Sylvain Distin/Distin
0%
Nigeria Taye Taye Taiwo/Taiwo
0%
Nigeria Victor Victor Anichebe/Anichebe
0%
Nigeria Victor Victor Moses/Moses
0%
Nigeria Vincent Vincent Enyeama/Enyeama
0%
Italy Vincenzo Vincenzo Iaquinta/Iaquinta
0%
Italy Vincenzo Vincenzo Montella/Montella
0%
Nigeria Wilfred Wilfred Ndidi/Ndidi
0%
France Yann Yann M'Vila/M'Vila
0%
Japan Yasuhito Yasuhito Endo/Endo
0%
France Younes Younes Kaboul/Kaboul
0%
Iraq Younis Younis Mahmoud/Mahmoud
0%
Morocco Youssef Youssef El-Arabi/El Arabi/Arabi
0%
Morocco Youssef Youssef En-Nesyri/En Nesyri/Nesyri
0%
No matching quizzes found
Score Distribution
Percent of People with Each Score
Percentile by Number Answered
Your Score History
You have not taken this quiz